UBT Library

Microeconomics (Record no. 48011)

000 -LEADER
fixed length control field 00288nam a22001337a 4500
008 - FIXED-LENGTH DATA ELEMENTS--GENERAL INFORMATION
fixed length control field 180919b xxu||||| |||| 00| 0 eng d
020 ## - INTERNATIONAL STANDARD BOOK NUMBER
International Standard Book Number 9780673993281
041 ## - LANGUAGE CODE
Language code of text/sound track or separate title eng
080 ## - UNIVERSAL DECIMAL CLASSIFICATION NUMBER
Universal Decimal Classification number 330.101
100 ## - Rafti
Rafti 52
101 ## - Shkurtesa
Shkurtesa MBE
245 ## - TITLE STATEMENT
Title Microeconomics
Statement of responsibility, etc Byrns, R.T
942 ## - ADDED ENTRY ELEMENTS (KOHA)
Source of classification or shelving scheme
Item type Books
Holdings
Withdrawn status Lost status Damaged status Not for loan Date acquired Total Checkouts Date last seen Price effective from Koha item type
        09/19/2018   09/19/2018 09/19/2018 Books
UBT Library © 2015-2024. All rights reserved University Education for Business and Technology